| 000 | 01953cam a2200445 a 4500 | ||
|---|---|---|---|
| 001 | 9173127 | ||
| 003 | ARRUPE | ||
| 005 | 20150808020015.0 | ||
| 006 | m u | ||
| 007 | cr cn||||||||| | ||
| 008 | 110215s2010 enka sb 001 0 eng d | ||
| 010 | _z 2010481144 | ||
| 020 | _z9780745330426 (pbk.) | ||
| 020 | _z0745330428 (pbk.) | ||
| 020 | _z9780745330433 (hbk.) | ||
| 020 | _z0745330436 (hbk.) | ||
| 020 | _z9781849645669 (e-book) | ||
| 035 | _a(CaPaEBR)ebr10479761 | ||
| 035 | _a(NNC)9173127 | ||
| 040 |
_aCaPaEBR _cCaPaEBR |
||
| 050 | 1 | 4 |
_aGN495.6 _b.E75 2010 |
| 100 | 1 |
_aEriksen, Thomas Hylland. _96622 |
|
| 245 | 1 | 0 |
_aEthnicity and nationalism _h[electronic resource] : _banthropological perspectives / _cThomas Hylland Eriksen. |
| 250 | _a3rd ed. | ||
| 260 |
_aLondon ; _aNew York : _bPluto Press ; _aNew York : _bDistributed in the United States of America exclusively by Palgrave Macmillan, _c2010. |
||
| 300 |
_ax, 246 p. : _bill. ; _c22 cm. |
||
| 490 | 1 | _aAnthropology, culture, and society | |
| 504 | _aIncludes bibliographical references (p. 220-236) and index. | ||
| 505 | 0 | _aWhat is ethnicity? -- Ethnic classification: us and them -- The social organisation of cultural distinctiveness -- Ethnic identification and ideology -- Ethnicity in history -- Nationalism -- Minorities and the state -- Identity politics, culture and rights -- The non-ethnic. | |
| 533 |
_aElectronic reproduction. _bPalo Alto, Calif. : _cebrary, _d2011. _nAvailable via World Wide Web. _nAccess may be limited to ebrary affiliated libraries. |
||
| 650 | 0 |
_aEthnicity. _96623 |
|
| 650 | 0 |
_aEthnic groups. _96624 |
|
| 650 | 0 |
_aNationalism. _96625 |
|
| 655 | 7 |
_aElectronic books. _2local _96626 |
|
| 710 | 2 |
_aebrary, Inc. _96627 |
|
| 830 | 0 |
_aAnthropology, culture, and society. _96628 |
|
| 856 | 4 | 0 |
_uhttp://www.columbia.edu/cgi-bin/cul/resolve?clio9173127 _zClick here for full text. |
| 942 |
_2lcc _cMONOGRAPH _04 |
||
| 999 |
_c119557 _d119557 |
||